[Event "Chess24 Banter Blitz Cup"]
[Site "chess24.com INT"]
[Date "2020.01.20"]
[Round "2.2"]
[White "Edouard, Romain"]
[Black "Gustafsson, Jan"]
[Result "0-1"]
[WhiteTitle "GM"]
[BlackTitle "GM"]
[WhiteElo "2641"]
[BlackElo "2645"]
[WhiteFideId "633429"]
[BlackFideId "4625498"]
[EventDate "2019.09.25"]
[EventType "blitz"]

1. d4 Nf6 2. c4 e6 3. Nc3 Bb4 4. Nf3 b6 5. Qb3 c5 6. Bg5 Bb7 7. e3 Nc6 8. d5
exd5 9. cxd5 Na5 10. Qc2 h6 11. Bh4 Bxd5 12. O-O-O Bxc3 13. Qxc3 Be6 14. Kb1 O-O
15. Ne5 Ne4 16. Bxd8 Nxc3+ 17. bxc3 Rfxd8 18. Nd3 g5 19. h4 Kg7 20. Be2 d5 21.
hxg5 hxg5 22. f4 f6 23. fxg5 fxg5 24. Rh5 Rh8 25. Rxg5+ Kf6 26. Rg3 Rag8 27.
Rf3+ Ke7 28. Nf4 Rg5 29. Rf2 Nc6 30. Bf3 Rd8 31. Rfd2 Ne5 32. Bxd5 Bxd5 33. Rxd5
Rxd5 34. Rxd5 Nf7 35. Rxg5 Nxg5 36. Kc2 Kd6 37. Kd3 b5 38. Nh3 Nf7 39. Ke4 a5
40. g4 a4 41. g5 b4 42. g6 b3 43. axb3 a3 44. gxf7 Ke7 45. Ng5 a2 46. Kf5 a1=Q
47. Kg6 Qxc3 48. Nh7 Qd3+ 49. Kg7 Qc3+ 50. Kg8 Qxb3 51. Ng5 Qd5 52. Nh7 Qxf7+
53. Kh8 Qg6 54. e4 c4 55. Ng5 Qxg5 56. Kh7 c3 57. Kh8 c2 58. Kh7 c1=Q 59. Kh8
Qh1# 0-1

[Event "Chess24 Banter Blitz Cup"]
[Site "chess24.com INT"]
[Date "2020.01.20"]
[Round "2.3"]
[White "Gustafsson, Jan"]
[Black "Edouard, Romain"]
[Result "0-1"]
[WhiteTitle "GM"]
[BlackTitle "GM"]
[WhiteElo "2645"]
[BlackElo "2641"]
[WhiteFideId "4625498"]
[BlackFideId "633429"]
[EventDate "2019.09.25"]
[EventType "blitz"]

1. d4 e6 2. c4 Nf6 3. Nf3 c5 4. Nc3 cxd4 5. Nxd4 Nc6 6. Bf4 d6 7. Nxc6 bxc6 8.
g3 Be7 9. Bg2 d5 10. O-O O-O 11. Qa4 Qb6 12. Rac1 Qxb2 13. Qxc6 Bd7 14. Qa6 Rac8
15. Be5 Qb6 16. Qxb6 axb6 17. cxd5 exd5 18. Bxf6 Bxf6 19. Nxd5 Bd8 20. Rxc8 Bxc8
21. Rb1 Be6 22. a4 Bxd5 23. Bxd5 Bc7 24. Rc1 Bd6 25. Rc6 Rd8 26. e4 Kf8 27. Kg2
g6 28. Rxb6 f5 29. a5 fxe4 30. Bxe4 Bc7 31. Rb7 Bxa5 32. Rxh7 Rd6 33. Rb7 Bb6
34. f4 Rd2+ 35. Kf3 Rd6 36. h4 Bd8 37. Kg4 Be7 38. Ra7 Rb6 39. Rd7 Rf6 40. Rd5
Kf7 41. h5 gxh5+ 42. Rxh5 Rd6 43. Bf5 Kf8 44. Rh7 Rd2 45. Rh8+ Kg7 46. Rh7+ Kf8
47. Rh6 Rg2 48. Ra6 Rg1 49. Kf3 Bb4 50. g4 Be1 51. Ra8+ Ke7 52. Ra7+ Kd6 53. g5
Rg3+ 54. Ke4 Bd2 55. Ra6+ Kc5 56. Ra2 Re3# 0-1

[Event "Chess24 Banter Blitz Cup"]
[Site "chess24.com INT"]
[Date "2020.01.20"]
[Round "2.4"]
[White "Edouard, Romain"]
[Black "Gustafsson, Jan"]
[Result "0-1"]
[WhiteTitle "GM"]
[BlackTitle "GM"]
[WhiteElo "2641"]
[BlackElo "2645"]
[WhiteFideId "633429"]
[BlackFideId "4625498"]
[EventDate "2019.09.25"]
[EventType "blitz"]

1. c4 c5 2. Nf3 Nc6 3. b3 e5 4. Bb2 d6 5. g3 g6 6. Bg2 Bg7 7. O-O Nge7 8. d3 O-O
9. Nc3 h6 10. e3 Be6 11. Nd2 d5 12. cxd5 Nxd5 13. Nxd5 Bxd5 14. Bxd5 Qxd5 15.
Ne4 Rad8 16. Qe2 f5 17. Nc3 Qxd3 18. Qxd3 Rxd3 19. Rfd1 Rfd8 20. Rxd3 Rxd3 21.
Kf1 Rd2 22. Rb1 e4 23. Na4 b6 24. Ke1 Rc2 25. Bxg7 Kxg7 26. Rb2 Rxb2 27. Nxb2
Nb4 28. a4 Kf6 29. Kd2 Ke6 30. Kc3 Kd5 31. h4 g5 32. h5 Nc6 33. Nc4 Ne5 34. Na3
a6 35. Nc2 Nd3 36. f4 g4 37. Na3 Nc1 38. Nc4 Ne2+ 39. Kd2 Nxg3 40. Nxb6+ Kc6 41.
Nc4 Nxh5 42. Ne5+ Kd5 43. Nf7 Nf6 44. Nxh6 Ke6 45. Ke2 a5 46. Kf2 Nd5 47. Ng8
Nb4 48. Kg3 Nc2 49. Kf2 Na1 50. Ke2 Nxb3 51. Nh6 c4 52. Nxg4 fxg4 0-1

[Event "Chess24 Banter Blitz Cup"]
[Site "chess24.com INT"]
[Date "2020.01.20"]
[Round "2.5"]
[White "Gustafsson, Jan"]
[Black "Edouard, Romain"]
[Result "0-1"]
[WhiteTitle "GM"]
[BlackTitle "GM"]
[WhiteElo "2645"]
[BlackElo "2641"]
[WhiteFideId "4625498"]
[BlackFideId "633429"]
[EventDate "2019.09.25"]
[EventType "blitz"]

1. d4 d5 2. c4 dxc4 3. Nf3 Nf6 4. e3 Bg4 5. Bxc4 e6 6. h3 Bh5 7. O-O Nc6 8. Be2
Bd6 9. b3 O-O 10. Bb2 Qe7 11. Nbd2 Rad8 12. Qc2 Bg6 13. Qc1 e5 14. Nc4 e4 15.
Nfe5 Nb4 16. Qd2 Nbd5 17. a3 Bh5 18. Rfc1 Bxe2 19. Qxe2 Ne8 20. b4 f6 21. Nxd6
Nxd6 22. Nc4 Nxc4 23. Qxc4 f5 24. b5 Kh8 25. a4 f4 26. Ba3 Qg5 27. Bxf8 Rxf8 28.
Kh1 fxe3 29. fxe3 Rf2 30. Rg1 h5 31. Raf1 Nxe3 0-1

[Event "Chess24 Banter Blitz Cup"]
[Site "chess24.com INT"]
[Date "2020.01.20"]
[Round "2.6"]
[White "Edouard, Romain"]
[Black "Gustafsson, Jan"]
[Result "0-1"]
[WhiteTitle "GM"]
[BlackTitle "GM"]
[WhiteElo "2641"]
[BlackElo "2645"]
[WhiteFideId "633429"]
[BlackFideId "4625498"]
[EventDate "2019.09.25"]
[EventType "blitz"]

1. c4 c5 2. Nf3 Nc6 3. d4 cxd4 4. Nxd4 Nf6 5. g3 e5 6. Nb5 Bb4+ 7. N1c3 d5 8.
cxd5 Qa5 9. dxc6 Qxb5 10. Bg2 bxc6 11. O-O Bxc3 12. bxc3 O-O 13. Ba3 Bg4 14.
Bxf8 Bxe2 15. Qd2 Rxf8 16. Rfb1 Qa6 17. Re1 Bc4 18. Rxe5 Nd5 19. Rae1 Qxa2 20.
Re8 Qxd2 0-1

[Event "Chess24 Banter Blitz Cup"]
[Site "chess24.com INT"]
[Date "2020.01.20"]
[Round "2.7"]
[White "Gustafsson, Jan"]
[Black "Edouard, Romain"]
[Result "1-0"]
[WhiteTitle "GM"]
[BlackTitle "GM"]
[WhiteElo "2645"]
[BlackElo "2641"]
[WhiteFideId "4625498"]
[BlackFideId "633429"]
[EventDate "2019.09.25"]
[EventType "blitz"]

1. c4 c5 2. Nf3 Nc6 3. Nc3 e5 4. e3 Nf6 5. Be2 g6 6. d4 e4 7. Ng5 cxd4 8. exd4
Bb4 9. d5 Ne5 10. Qd4 d6 11. Nxe4 Nxe4 12. Qxe4 O-O 13. O-O Re8 14. Qf4 Bf5 15.
Rd1 Bxc3 16. bxc3 Rc8 17. Be3 b6 18. a4 Rc7 19. a5 bxa5 20. c5 dxc5 21. Rxa5 c4
22. d6 Rce7 23. Rxa7 Rxa7 24. Bxa7 Bd3 25. Bxd3 Nxd3 26. Qxc4 Qxd6 27. h3 Ne5
28. Rxd6 Nxc4 29. Rd7 Ne5 30. Rc7 Rd8 31. Bd4 Nd7 32. g4 Nf8 33. Bf6 Rd6 34. g5
h6 35. Rc8 Re6 36. h4 hxg5 37. hxg5 Kh7 38. c4 Nd7 39. Rh8# 1-0

[Event "Chess24 Banter Blitz Cup"]
[Site "chess24.com INT"]
[Date "2020.01.20"]
[Round "2.8"]
[White "Edouard, Romain"]
[Black "Gustafsson, Jan"]
[Result "1-0"]
[WhiteTitle "GM"]
[BlackTitle "GM"]
[WhiteElo "2641"]
[BlackElo "2645"]
[WhiteFideId "633429"]
[BlackFideId "4625498"]
[EventDate "2019.09.25"]
[EventType "blitz"]

1. d4 Nf6 2. Nf3 d5 3. Bf4 e6 4. e3 Bd6 5. Bg3 b6 6. Bd3 O-O 7. Nbd2 c5 8. c3
Ba6 9. Bxa6 Nxa6 10. O-O Bxg3 11. hxg3 Nb8 12. Ne5 Nfd7 13. f4 f6 14. Nd3 Nc6
15. g4 e5 16. c4 dxc4 17. d5 cxd3 18. dxc6 Nb8 19. Qb3+ Kh8 20. fxe5 Nxc6 21.
exf6 Rxf6 22. Rxf6 Qxf6 23. Qxd3 Qxb2 24. Rf1 h6 25. Nc4 Qxa2 26. g5 Rd8 27. Qe4
hxg5 28. Rf3 g4 29. Qxg4 Nd4 30. Rh3+ Kg8 31. Ne5 Qe6 32. exd4 Qxg4 33. Nxg4
Rxd4 34. Ne3 a5 35. Nf5 Rd7 36. Rb3 Rb7 37. Nd6 Rb8 38. Nb5 Kf7 39. Kf2 Ke6 40.
Ke3 Kd5 41. Rb1 c4 42. Nc3+ Kc5 43. Rb5+ Kc6 44. Kd4 Rf8 45. Rg5 Rf4+ 46. Ke3
Rf6 47. Rxg7 b5 48. Ra7 Kb6 49. Ra8 Re6+ 50. Kd4 Rd6+ 51. Nd5+ Kc6 52. Ra6+ Kd7
53. Rxa5 Ke6 54. Rxb5 c3 55. Kxc3 Rxd5 56. Rxd5 Kxd5 57. Kd3 Ke5 58. Ke3 Kf5 59.
Kf2 Kf4 60. g3+ Kg4 61. Kg2 Kg5 62. Kf3 Kf5 63. g4+ Kg5 64. Kg3 Kg6 65. Kf3 Kg5
66. Kg3 Kf6 67. Kh4 Kg6 68. g5 Kf5 69. Kh5 1-0

[Event "Chess24 Banter Blitz Cup"]
[Site "chess24.com INT"]
[Date "2020.01.20"]
[Round "2.9"]
[White "Gustafsson, Jan"]
[Black "Edouard, Romain"]
[Result "0-1"]
[WhiteTitle "GM"]
[BlackTitle "GM"]
[WhiteElo "2645"]
[BlackElo "2641"]
[WhiteFideId "4625498"]
[BlackFideId "633429"]
[EventDate "2019.09.25"]
[EventType "blitz"]

1. Nf3 c5 2. c3 g6 3. d4 Bg7 4. dxc5 Na6 5. Be3 Qc7 6. Bd4 e5 7. Be3 Nxc5 8. Na3
Qc6 9. Nc4 f6 10. Nd6+ Ke7 11. Nxc8+ Rxc8 12. g3 Nh6 13. Bg2 Nf5 14. Bxc5+ Qxc5
15. O-O h5 16. Qb3 h4 17. g4 h3 18. gxf5 hxg2 19. Rfd1 gxf5 20. Qxb7 Qc6 21.
Qxc6 Rxc6 22. Rd5 Rb8 23. Rad1 d6 24. R1d2 Bh6 25. e3 Ke6 26. Ra5 Rcb6 27. Rxa7
Rxb2 28. Rxb2 Rxb2 29. Kxg2 Bxe3 0-1

[Event "Chess24 Banter Blitz Cup"]
[Site "chess24.com INT"]
[Date "2020.01.20"]
[Round "2.10"]
[White "Edouard, Romain"]
[Black "Gustafsson, Jan"]
[Result "0-1"]
[WhiteTitle "GM"]
[BlackTitle "GM"]
[WhiteElo "2641"]
[BlackElo "2645"]
[WhiteFideId "633429"]
[BlackFideId "4625498"]
[EventDate "2019.09.25"]
[EventType "blitz"]

1. Nf3 Nf6 2. b3 d5 3. Bb2 c5 4. e3 Nc6 5. Bb5 Bd7 6. O-O e6 7. d4 cxd4 8. exd4
Bd6 9. a3 O-O 10. Bd3 Ne4 11. Ne5 Nxe5 12. dxe5 Bc5 13. Nd2 Bc6 14. Qe2 Qh4 15.
Rae1 Nxd2 16. Qxd2 Rfd8 17. Kh1 Rac8 18. f4 g6 19. a4 a6 20. b4 Bf8 21. b5 axb5
22. axb5 Be8 23. Bd4 Bc5 24. c3 Bxd4 25. cxd4 Qe7 26. Rc1 Qa3 27. g4 Qa4 28. Be2
Rxc1 29. Rxc1 Bxb5 30. Bxb5 Qxb5 31. f5 Qb3 32. Rf1 Qh3 33. Qf4 exf5 34. gxf5
Qxf5 35. Qxf5 gxf5 36. Rxf5 b5 37. Rf3 b4 38. Rb3 Rb8 39. Kg2 Kf8 40. Kf3 Ke7
41. Kf4 Ke6 42. h4 f6 43. h5 fxe5+ 44. dxe5 h6 45. Rg3 b3 46. Rg6+ Kf7 47. e6+
Ke7 48. Ke5 b2 49. Rg7+ Kf8 50. Kf6 b1=Q 51. Rf7+ Ke8 0-1

[Event "Chess24 Banter Blitz Cup"]
[Site "chess24.com INT"]
[Date "2020.01.20"]
[Round "2.11"]
[White "Gustafsson, Jan"]
[Black "Edouard, Romain"]
[Result "0-1"]
[WhiteTitle "GM"]
[BlackTitle "GM"]
[WhiteElo "2645"]
[BlackElo "2641"]
[WhiteFideId "4625498"]
[BlackFideId "633429"]
[EventDate "2019.09.25"]
[EventType "blitz"]

1. Nf3 d5 2. b3 c5 3. e3 Nf6 4. Bb2 a6 5. c4 Nc6 6. cxd5 Nxd5 7. Be2 Nf6 8. O-O
g6 9. d4 cxd4 10. Nxd4 Nxd4 11. Bxd4 Bg7 12. Nc3 O-O 13. Bf3 Qa5 14. b4 Qxb4 15.
Rb1 Qa5 16. Qa4 Qxa4 17. Nxa4 Nd7 18. Bxg7 Kxg7 19. Rfc1 Rb8 20. Nb6 Ne5 21.
Nxc8 Rfxc8 22. Rxc8 Nxf3+ 23. gxf3 Rxc8 24. Rxb7 Rc2 25. Rxe7 Rxa2 26. Ra7 a5
27. Kg2 h5 28. f4 Kf6 29. h4 Ke6 30. Kf3 a4 31. Ra6+ Ke7 32. Ra7+ Kf6 33. Ra6+
Kg7 34. Ra7 Ra1 35. f5 a3 36. fxg6 Kxg6 37. Kf4 Kf6 38. Ra6+ Ke7 39. Kg5 Ra2 40.
f4 Rg2+ 41. Kxh5 a2 42. e4 Kd7 43. e5 Kc7 44. Kh6 Rg6+ 45. Rxg6 fxg6 0-1

[Event "Chess24 Banter Blitz Cup"]
[Site "chess24.com INT"]
[Date "2020.01.20"]
[Round "2.12"]
[White "Edouard, Romain"]
[Black "Gustafsson, Jan"]
[Result "1-0"]
[WhiteTitle "GM"]
[BlackTitle "GM"]
[WhiteElo "2641"]
[BlackElo "2645"]
[WhiteFideId "633429"]
[BlackFideId "4625498"]
[EventDate "2019.09.25"]
[EventType "blitz"]

1. Nf3 c5 2. e4 Nc6 3. c3 Nf6 4. e5 Nd5 5. d4 cxd4 6. cxd4 d6 7. Bc4 Nb6 8. Bb3
g6 9. O-O Bg7 10. e6 Bxe6 11. d5 Bd7 12. dxc6 bxc6 13. Re1 O-O 14. Bg5 Re8 15.
Nc3 d5 16. Qd2 f6 17. Bh6 e5 18. Bxg7 Kxg7 19. Na4 Qe7 20. Rac1 Qd6 21. Nc5 Rab8
22. h3 Bc8 23. Rc2 Nd7 24. Nxd7 Bxd7 25. Rec1 Rb4 26. Rc5 Reb8 27. Ne1 Rd4 28.
Qa5 e4 29. Qxa7 Rd2 30. Rxc6 Qf4 31. Rc7 d4 32. Rxd7+ Kh6 33. Rxh7+ Kg5 34. Rc5+ 1-0

[Event "Chess24 Banter Blitz Cup"]
[Site "chess24.com INT"]
[Date "2020.01.20"]
[Round "2.14"]
[White "Edouard, Romain"]
[Black "Gustafsson, Jan"]
[Result "1-0"]
[WhiteTitle "GM"]
[BlackTitle "GM"]
[WhiteElo "2641"]
[BlackElo "2645"]
[WhiteFideId "633429"]
[BlackFideId "4625498"]
[EventDate "2019.09.25"]
[EventType "blitz"]

1. Nf3 c5 2. b3 d6 3. e4 Nf6 4. Nc3 e5 5. Bc4 Be7 6. d3 O-O 7. Bg5 Nbd7 8. a4 h6
9. Bxf6 Nxf6 10. Nd5 Nxd5 11. Bxd5 Kh8 12. Nd2 Rb8 13. O-O g6 14. Nc4 Kg7 15. f4
exf4 16. Rxf4 b6 17. Qe2 f5 18. Raf1 Bg5 19. R4f2 f4 20. h4 Bxh4 21. Rxf4 Rxf4
22. Rxf4 Bf6 23. c3 Qe7 24. Qf2 Be6 25. Bxe6 Qxe6 26. d4 cxd4 27. cxd4 Rf8 28.
e5 dxe5 29. dxe5 Be7 30. Rxf8 Bxf8 31. Qf3 Be7 32. Qb7 a5 33. Kh2 h5 34. Qxb6
Qxb6 35. Nxb6 Kf7 36. Kg3 Ke6 37. Kf4 g5+ 38. Ke4 h4 39. Nd5 g4 40. Nf4+ Kd7 41.
Kf5 g3 42. Kg4 Kc6 43. Ng6 Bd8 44. Nxh4 Kd5 45. Ng6 Kd4 46. e6 Kc3 47. e7 Bxe7
48. Nxe7 Kxb3 49. Nc6 Kxa4 50. Kxg3 Kb5 51. Nxa5 Kxa5 52. Kf4 Kb5 53. Kf5 Kc5
54. g4 Kd6 55. Kf6 Kd7 56. Kf7 Kd6 57. g5 1-0

[Event "Chess24 Banter Blitz Cup"]
[Site "chess24.com INT"]
[Date "2020.01.20"]
[Round "2.1"]
[White "Bartel, Mateusz"]
[Black "Bacrot, Etienne"]
[Result "1-0"]
[WhiteTitle "GM"]
[BlackTitle "GM"]
[WhiteElo "2635"]
[BlackElo "2671"]
[WhiteFideId "1112635"]
[BlackFideId "605506"]
[EventDate "2019.09.25"]

1. e4 e5 2. Nf3 Nc6 3. Bb5 Nf6 4. O-O Nxe4 5. Re1 Nd6 6. Nxe5 Nxe5 7. Rxe5+ Be7
8. Bf1 O-O 9. d4 Bf6 10. Re1 Re8 11. Bf4 Rxe1 12. Qxe1 Ne8 13. Qc3 d6 14. Nd2
Bf5 15. Bd3 Bxd3 16. Qxd3 Qd7 17. Re1 d5 18. Nf3 Nd6 19. Ne5 Bxe5 20. dxe5 Nf5
21. c4 c6 22. cxd5 cxd5 23. Rc1 h6 24. h3 d4 25. Qe4 Ne7 26. e6 Qxe6 27. Qxb7
Rd8 28. Qxa7 d3 29. Bd2 Nf5 30. Re1 Qc6 31. Qa5 Rd5 32. Qc3 Qd7 33. Re4 Nd6 34.
Rd4 Nf5 35. Rxd5 Qxd5 36. a4 Nh4 37. f3 Qd6 38. Qc8+ Kh7 39. Qg4 g5 40. b4 Qd5
41. Qe4+ Qxe4 42. fxe4 1-0

[Event "Chess24 Banter Blitz Cup"]
[Site "chess24.com INT"]
[Date "2020.01.20"]
[Round "2.2"]
[White "Bacrot, Etienne"]
[Black "Bartel, Mateusz"]
[Result "1/2-1/2"]
[WhiteTitle "GM"]
[BlackTitle "GM"]
[WhiteElo "2671"]
[BlackElo "2635"]
[WhiteFideId "605506"]
[BlackFideId "1112635"]
[EventDate "2019.09.25"]

1. e4 e5 2. Nf3 Nc6 3. Bc4 Nf6 4. d3 Be7 5. O-O O-O 6. a4 a5 7. Nc3 d6 8. h3 Be6
9. Be3 d5 10. exd5 Nxd5 11. Nxd5 Bxd5 12. Qe2 Kh8 13. Nd2 f5 14. f3 Bf6 15. Rfe1
Re8 16. Bf2 Qd6 17. Bxd5 Qxd5 18. Nc4 Rad8 19. Rad1 h6 20. c3 b6 21. Qc2 g6 22.
Ne3 Qf7 23. Nc4 Kh7 24. b3 Rd7 25. Bg3 Qd5 26. Bf2 Red8 27. Bg3 h5 28. Re2 h4
29. Bh2 b5 30. axb5 Qxb5 31. Kh1 Ra8 32. Rde1 a4 33. bxa4 Qxa4 34. Qxa4 Rxa4 35.
Bxe5 Nxe5 36. Nxe5 Bxe5 37. Rxe5 Rxd3 38. Re7+ Kh6 39. Rxc7 Ra2 40. f4 Ra8 41.
Ree7 Rh8 42. Kh2 Rd2 43. Re3 Rf2 44. Rc4 Rd8 45. Rd4 Rxd4 46. cxd4 Rd2 47. Re8
Rxd4 1/2-1/2

[Event "Chess24 Banter Blitz Cup"]
[Site "chess24.com INT"]
[Date "2020.01.20"]
[Round "2.3"]
[White "Bartel, Mateusz"]
[Black "Bacrot, Etienne"]
[Result "1-0"]
[WhiteTitle "GM"]
[BlackTitle "GM"]
[WhiteElo "2635"]
[BlackElo "2671"]
[WhiteFideId "1112635"]
[BlackFideId "605506"]
[EventDate "2019.09.25"]

1. e4 c5 2. Nf3 Nc6 3. Nc3 g6 4. Bb5 Nd4 5. Nxd4 cxd4 6. Ne2 Bg7 7. O-O a6 8.
Bd3 d6 9. c3 dxc3 10. dxc3 Nf6 11. Bg5 O-O 12. Qd2 Qb6 13. Be3 Qa5 14. Bh6 Bd7
15. Bxg7 Kxg7 16. Nd4 Bc6 17. Qe2 e5 18. Nxc6 bxc6 19. b4 Qc7 20. a4 a5 21. Rfb1
d5 22. exd5 cxd5 23. Qe1 e4 24. Bf1 Rfc8 25. Ra3 Ng4 26. g3 Ne5 27. Be2 axb4 28.
cxb4 d4 29. Bd1 Qb7 30. b5 Rc5 31. Qb4 Rd5 32. a5 Nd3 33. Rxd3 exd3 34. Bf3 Rc8
35. a6 Qd7 36. Bxd5 Qxd5 37. b6 Rc4 38. Qd2 Qf3 39. Qd1 Qf5 40. b7 Rc2 41. Qf1 1-0

[Event "Chess24 Banter Blitz Cup"]
[Site "chess24.com INT"]
[Date "2020.01.20"]
[Round "2.4"]
[White "Bacrot, Etienne"]
[Black "Bartel, Mateusz"]
[Result "1-0"]
[WhiteTitle "GM"]
[BlackTitle "GM"]
[WhiteElo "2671"]
[BlackElo "2635"]
[WhiteFideId "605506"]
[BlackFideId "1112635"]
[EventDate "2019.09.25"]

1. e4 e6 2. d4 d5 3. exd5 exd5 4. Nf3 Nf6 5. Bd3 Bd6 6. Qe2+ Be6 7. Ng5 Qe7 8.
Nxe6 fxe6 9. Nd2 Nbd7 10. Nf3 e5 11. dxe5 Nxe5 12. Nxe5 Qxe5 13. Qxe5+ Bxe5 14.
c3 c6 15. h3 Kf7 16. Be3 Rhe8 17. Kd2 Bc7 18. Rae1 Bb6 19. Bxb6 axb6 20. a3 b5
21. g4 Nd7 22. f4 Nc5 23. Bxh7 Rxe1 24. Kxe1 Re8+ 25. Kd2 g6 26. f5 Ne4+ 27. Kc2
gxf5 28. Bxf5 Ng3 29. Rg1 Nxf5 30. Rf1 Re5 31. Rxf5+ Rxf5 32. gxf5 Kf6 33. Kd3
c5 34. Ke3 Kxf5 35. Kf3 Kg5 36. Kg3 Kf5 37. h4 Ke4 38. h5 Kd3 39. h6 Kc2 40. h7
Kxb2 41. h8=Q Kxa3 42. Kf2 b4 43. cxb4 Kxb4 44. Qb2+ 1-0

[Event "Chess24 Banter Blitz Cup"]
[Site "chess24.com INT"]
[Date "2020.01.20"]
[Round "2.5"]
[White "Bartel, Mateusz"]
[Black "Bacrot, Etienne"]
[Result "1/2-1/2"]
[WhiteTitle "GM"]
[BlackTitle "GM"]
[WhiteElo "2635"]
[BlackElo "2671"]
[WhiteFideId "1112635"]
[BlackFideId "605506"]
[EventDate "2019.09.25"]

1. e4 c5 2. Nf3 Nc6 3. Nc3 g6 4. Bb5 Nd4 5. Nxd4 cxd4 6. Ne2 Bg7 7. c3 a6 8. Bd3
dxc3 9. dxc3 d6 10. Bg5 Nf6 11. Qd2 Qb6 12. O-O O-O 13. Be3 Qa5 14. Bh6 Bd7 15.
Bxg7 Kxg7 16. Nd4 Bc6 17. Rfe1 Rfd8 18. a3 h6 19. Re3 e5 20. Rh3 Rh8 21. Nxc6
bxc6 22. Re1 Qc7 23. Bc4 a5 24. Ba2 Rad8 25. Rd3 h5 26. b4 h4 27. h3 axb4 28.
cxb4 Qe7 29. Qc3 Nh5 30. Rf3 Rhf8 31. Qxc6 Nf4 32. Rxf4 exf4 33. Qc3+ Qe5 34.
Qxe5+ dxe5 35. Bd5 Rb8 36. Rb1 Rfc8 37. a4 Rc2 38. a5 Rc3 39. a6 Ra3 40. Bb7 f5
41. b5 fxe4 42. b6 e3 43. f3 e2 44. Kf2 Rd8 45. Kxe2 Ra2+ 46. Kf1 Rdd2 47. Bd5
Rf2+ 48. Ke1 Rae2+ 49. Kd1 Rd2+ 50. Ke1 Rde2+ 51. Kd1 Rd2+ 52. Ke1 Rfe2+ 53. Kf1
Rf2+ 54. Ke1 1/2-1/2

[Event "Chess24 Banter Blitz Cup"]
[Site "chess24.com INT"]
[Date "2020.01.20"]
[Round "2.6"]
[White "Bacrot, Etienne"]
[Black "Bartel, Mateusz"]
[Result "0-1"]
[WhiteTitle "GM"]
[BlackTitle "GM"]
[WhiteElo "2671"]
[BlackElo "2635"]
[WhiteFideId "605506"]
[BlackFideId "1112635"]
[EventDate "2019.09.25"]

1. e4 e6 2. Nf3 d5 3. d3 dxe4 4. dxe4 Qxd1+ 5. Kxd1 Nf6 6. Bd3 b6 7. Bf4 Bb7 8.
Nbd2 c5 9. Ne5 Nfd7 10. Nec4 Nc6 11. a4 Nb4 12. Be2 f6 13. c3 Nc6 14. f3 e5 15.
Be3 Be7 16. a5 Kf7 17. Kc2 Rab8 18. axb6 axb6 19. Rhd1 Rhc8 20. Na3 Nd4+ 21.
cxd4 cxd4+ 22. Bc4+ Kg6 23. Bf2 Bxa3 24. Rxa3 b5 25. b3 Nb6 26. Kd3 bxc4+ 27.
bxc4 Nd7 28. Nb3 Bc6 29. Rb1 Nc5+ 30. Kc2 Ba4 0-1

[Event "Chess24 Banter Blitz Cup"]
[Site "chess24.com INT"]
[Date "2020.01.20"]
[Round "2.7"]
[White "Bartel, Mateusz"]
[Black "Bacrot, Etienne"]
[Result "0-1"]
[WhiteTitle "GM"]
[BlackTitle "GM"]
[WhiteElo "2635"]
[BlackElo "2671"]
[WhiteFideId "1112635"]
[BlackFideId "605506"]
[EventDate "2019.09.25"]

1. e4 c5 2. Nf3 Nc6 3. Nc3 g6 4. Bb5 Nd4 5. Nxd4 cxd4 6. Ne2 Bg7 7. c3 a6 8. Bd3
dxc3 9. dxc3 d6 10. Bg5 Nf6 11. Qd2 Qb6 12. O-O O-O 13. Rae1 Bd7 14. Nd4 Rfe8
15. Re2 e5 16. Nb3 Bc6 17. c4 a5 18. Rb1 Nd7 19. Be3 Qc7 20. Qd1 Rf8 21. Rd2 f5
22. c5 f4 23. cxd6 Qd8 24. Bc4+ Kh8 25. Bc5 a4 0-1

[Event "Chess24 Banter Blitz Cup"]
[Site "chess24.com INT"]
[Date "2020.01.20"]
[Round "2.8"]
[White "Bacrot, Etienne"]
[Black "Bartel, Mateusz"]
[Result "0-1"]
[WhiteTitle "GM"]
[BlackTitle "GM"]
[WhiteElo "2671"]
[BlackElo "2635"]
[WhiteFideId "605506"]
[BlackFideId "1112635"]
[EventDate "2019.09.25"]

1. e4 e6 2. Nf3 d5 3. d3 Nf6 4. Nbd2 Nc6 5. g3 e5 6. Bg2 Bc5 7. O-O O-O 8. c3
dxe4 9. dxe4 Qd3 10. Ne1 Qd6 11. Qc2 a5 12. Nc4 Qe7 13. Nd3 Ba7 14. Ne3 Bxe3 15.
Bxe3 b6 16. h3 Bb7 17. Rfd1 Na7 18. Ne1 Nb5 19. f3 Nd6 20. b3 Nh5 21. Kh2 f5 22.
exf5 Nxf5 23. Bf2 e4 24. fxe4 Nfxg3 25. Nd3 Nxe4 26. Re1 Qd6+ 27. Kg1 Nxf2 0-1

[Event "Chess24 Banter Blitz Cup"]
[Site "chess24.com INT"]
[Date "2020.01.20"]
[Round "2.9"]
[White "Bartel, Mateusz"]
[Black "Bacrot, Etienne"]
[Result "0-1"]
[WhiteTitle "GM"]
[BlackTitle "GM"]
[WhiteElo "2635"]
[BlackElo "2671"]
[WhiteFideId "1112635"]
[BlackFideId "605506"]
[EventDate "2019.09.25"]

1. Nf3 Nf6 2. c4 g6 3. g3 Bg7 4. Bg2 O-O 5. O-O d6 6. Nc3 e5 7. d3 Nc6 8. Rb1 a5
9. a3 Re8 10. Nd2 Nd4 11. e3 Ne6 12. b4 axb4 13. axb4 c6 14. b5 d5 15. bxc6 bxc6
16. cxd5 cxd5 17. e4 d4 18. Nd5 Ba6 19. Nc4 Bxc4 20. dxc4 Rc8 21. Qe2 Nd7 22. f4
exf4 23. gxf4 Ndc5 24. e5 Na4 25. Rb7 Nec5 26. Ra7 Nc3 27. Nxc3 dxc3 28. Bd5 Ne6
29. Be3 Bh6 30. Kh1 Re7 31. Ra3 Rd7 32. Bxe6 fxe6 33. Rxc3 Qa5 34. Rc2 Qa4 35.
Rfc1 Rf7 36. Qg4 Qc6+ 37. Qg2 Qxg2+ 38. Kxg2 Bxf4 39. Bxf4 Rxf4 40. c5 Re4 41.
c6 Rc7 42. Rd2 Kf7 43. Rd7+ Rxd7 44. cxd7 Ke7 45. Rd1 Kd8 46. Kg3 Rxe5 47. Kf4
Rd5 48. Re1 Rxd7 49. Rxe6 Rd5 50. h4 Rf5+ 51. Kg4 Rh5 52. Ra6 Kd7 53. Ra7+ Kc6
54. Ra6+ Kb5 55. Ra7 Kb6 56. Ra8 Kb7 57. Rg8 Kc6 58. Rg7 Kc5 59. Rf7 Kd5 60. Rf4
Ke6 61. Rf8 Ke7 62. Rf4 Re5 63. Re4 Rxe4+ 0-1